Images of the past : (Record no. 5794)

MARC details
000 -LEADER
fixed length control field 01332nam a22002297a 4500
001 - CONTROL NUMBER
control field 5794
003 - CONTROL NUMBER IDENTIFIER
control field FISKH
005 - DATE AND TIME OF LATEST TRANSACTION
control field 20250122153846.0
008 - FIXED-LENGTH DATA ELEMENTS--GENERAL INFORMATION
fixed length control field 250122b cb ||||| |||| 00| 0 eng d
020 ## - INTERNATIONAL STANDARD BOOK NUMBER
International Standard Book Number 0072863110
040 ## - CATALOGING SOURCE
Original cataloging agency FISKH
Language of cataloging eng
Transcribing agency FISKH
Modifying agency FISKH
050 ## - LIBRARY OF CONGRESS CALL NUMBER
Classification number GN740.P75
082 ## - DEWEY DECIMAL CLASSIFICATION NUMBER
Classification number 930.1
100 ## - MAIN ENTRY--PERSONAL NAME
Personal name Price, T. Douglas
245 ## - TITLE STATEMENT
Title Images of the past :
Remainder of title Fourth edition /
Statement of responsibility, etc. by T. Douglas Price and Gary M. Feinman
260 ## - PUBLICATION, DISTRIBUTION, ETC.
Place of publication, distribution, etc. New York :
Name of publisher, distributor, etc. Mcgraw-Hill ,
Date of publication, distribution, etc. 2005.
300 ## - PHYSICAL DESCRIPTION
Extent 562 pages :
Other physical details color illustrations ;
Dimensions 28 cm .
520 ## - SUMMARY, ETC.
Summary, etc. This well illustrated, full-color, site-by-site survey of prehistory captures the popular interest, excitement, and visual splendor of archaeology as it provides insight into the research, interpretations, and theoretical themes in the field. The new edition maintains the authors' innovative solutions to two central problems of the course: first, the text continues to focus on about 80 sites, giving students less encyclopedic detail but essential coverage of the discoveries that have produced the major insights into prehistory; second, it continues to be organized into essays on sites and concepts, allowing professors complete flexibility in organizing their courses..
650 ## - SUBJECT ADDED ENTRY--TOPICAL TERM
Topical term or geographic name entry element archaeology
Form subdivision non-fiction
700 ## - ADDED ENTRY--PERSONAL NAME
Personal name Feinman, Gary M.
Relator term author
942 ## - ADDED ENTRY ELEMENTS (KOHA)
Source of classification or shelving scheme Dewey Decimal Classification
Koha item type Books
Suppress in OPAC No
Holdings
Withdrawn status Lost status Source of classification or shelving scheme Damaged status Not for loan Collection Home library Current library Shelving location Date acquired Total Checkouts Full call number Barcode Date last seen Price effective from Koha item type
    Dewey Decimal Classification     Non-Fiction Footprints International School Library Network Toul Kork Campus Footprints International School Library Network Toul Kork Campus TTP Secondary Non-Fiction Bookshelves 01/22/2025   PRI 930.1 GN740.P75 FISSE03098 01/22/2025 01/22/2025 Books